000 00204nam a2200085 4500
001 1255670
005 20251211110631.0
245 _aSON BAKIŞ KÖPRÜSÜ
_cNEHİR AYDIN GÖKDUMAN
260 _bTİMAŞ YAYINLARI
999 _c1255670
_d1255670